| 000 | 00440cam a2200181ua 4500 | ||
|---|---|---|---|
| 020 | _c12.00 | ||
| 041 |
_ahin _h |
||
| 082 |
_a891.43 _bLOU/AR |
||
| 100 | _aLouis, Arthur W . | ||
| 245 |
_aArthik vikas ke siddanth / _cArthur W Louis. _hTextual Documents |
||
| 250 |
_a1 / _b. |
||
| 260 |
_aDelhi : _bRajkamal Prakashan , _c1962. |
||
| 300 | _a587 ; . | ||
| 365 | _a12.00 | ||
| 504 | _a | ||
| 942 | _cBK | ||
| 999 |
_c12716 _d12716 |
||